Feature Finder #1 - Statistics

General Stats
  • This quiz has been taken 14 times
  • The average score is 26 of 37
Answer Stats
Hint Answer % Correct
R
100%
The city that surround the Vatican City Rome
100%
B
90%
The strait that separates Russia and Alaska Bering
90%
E
90%
The northern most Baltic country Estonia
90%
H
90%
The largest island in the Japanese Archipelago Honshu
90%
R
90%
The smallest state in the United States Rhode Island
90%
P
80%
This Spanish city is famous for the Running of the Bulls Pamplona
80%
S
80%
S
80%
The biggest peninsula in Egypt Sinai
80%
The capital city of North Macedonia Skopje
80%
T
80%
This country's capital city is Lome Togo
80%
A
70%
The biggest mountain range in Northwest Africa Atlas
70%
T
70%
The highest navigable lake in the world Titicaca
70%
U
70%
The mountain range that divides Europe and Asia Ural
70%
H
60%
The capital of Tasmania, an Australian state Hobart
60%
O
60%
The capital city of Burkina Faso Ouagadougou
60%
The Bosphorus Strait
60%
O
50%
A major river basin that covers most of Venezuela and parts of Colombia Orinoco
50%
S
50%
A big National Park in northern Tanzania Serengeti
50%
T
30%
The country in which the second deepest trench is named after Tonga
30%
I
20%
The capital of the Canadian territory, Nunavut Iqaluit
20%
No matching quizzes found
Score Distribution
Percent of People with Each Score
Percentile by Number Answered
Your Score History
You have not taken this quiz